Maggior numero di Vittorie al Gran Premio di Germania - Statistics

Statistiche generali
  • Questo quiz è stato fatto 4 volte
  • Il punteggio medio è 8 su 14
Statistiche sulle risposte
Numero vittorie Stagioni delle vittorie Pilota % Corretto
3 2005, 2010, 2012 Fernando Alonso
100%
3 1954, 1956, 1957 Juan Manuel Fangio
100%
4 2008, 2011, 2016, 2018 Lewis Hamilton
100%
4 1995, 2002, 2004, 2006 Michael Schumacher
100%
2 1951, 1952 Alberto Ascari
75%
3 1988, 1989, 1990 Ayrton Senna
75%
3 1981, 1986, 1987 Nelson Piquet
75%
2 1991, 1992 Nigel Mansell
75%
2 1984, 1993 Alain Prost
50%
3 1968, 1971, 1973 Jackie Stewart
25%
2 1994, 1997 Gerhard Berger
0%
2 1969, 1972 Jacky Ickx
0%
2 1963, 1964 John Surtees
0%
2 1958, 1959 Tony Brooks
0%
Nessun quiz corrispondente trovato
Distribuzione punteggi
Percentuale di utenti per punteggio
Percentile per numero di risposta
I tuoi punteggi nel tempo
Non hai fatto questo quiz